Maths in 30 seconds / (Record no. 47897)
| 000 -LEADER | |
|---|---|
| fixed length control field | 00349nam a2200121 4500 |
| 020 ## - INTERNATIONAL STANDARD BOOK NUMBER | |
| International Standard Book Number | 9780711288607 |
| 100 ## - MAIN ENTRY--PERSONAL NAME | |
| Personal name | Rooney, Anne |
| 9 (RLIN) | 83958 |
| 245 ## - TITLE STATEMENT | |
| Title | Maths in 30 seconds / |
| Statement of responsibility, etc | Anne Rooney & Putri Febriana |
| 260 ## - PUBLICATION, DISTRIBUTION, ETC. (IMPRINT) | |
| Place of publication, distribution, etc | UK |
| Name of publisher, distributor, etc | Quarto Publishing |
| Date of publication, distribution, etc | 2023 |
| 300 ## - PHYSICAL DESCRIPTION | |
| Extent | 96 p. |
| Other physical details | col. ill. |
| Dimensions | 23 cm. |
| 650 ## - SUBJECT ADDED ENTRY--TOPICAL TERM | |
| Topical term or geographic name as entry element | Math |
| Form subdivision | Juvenile Literature |
| 9 (RLIN) | 85707 |
| 942 ## - ADDED ENTRY ELEMENTS (KOHA) | |
| Source of classification or shelving scheme | |
| Koha item type | Book |
| Withdrawn status | Lost status | Source of classification or shelving scheme | Damaged status | Not for loan | Collection code | Home library | Current library | Shelving location | Date acquired | Total Checkouts | Full call number | Barcode | Date last seen | Price effective from | Koha item type |
|---|---|---|---|---|---|---|---|---|---|---|---|---|---|---|---|
| TEACHERS' RESOURCES | Asian Hope Primary Library | Asian Hope Primary Library | Non Fiction | 11/20/2024 | 510.76 ROO | 207135 | 11/20/2024 | 11/20/2024 | Book |